000 03449nab a2200313 i 4500
003 BR-BrBNA
005 20240521153750.0
008 240521b2016 bl.mr|pooa||| 00| 0 por |
040 _aBR-BrBNA
_bpor
072 _aP34
072 _aT01
072 _aP33
100 _aAndrade, Leonardo Capeleto de
100 _aAndreazza, Robson
100 _aCamargo, Flávio Anastácio de Oliveira
245 _aAtividade microbiana em solos sob doses de lodo de estação de tratamento de efluentes de um aterro industrial
500 _aPublicação on-line; 30 ref.; 2 illus; Sumaries ( Pt, En)
520 _a RESUMO - A destinação final adequada dos resíduos sólidos industriais é um dos principais problemas ambientais. A disposição de resíduos orgânicos em solos pode ser recomendada, dado o potencial corretivo e fertilizante deste. Assim, o objetivo deste estudo foi avaliar o efeito em solos da adição de doses de lodo de estação de tratamento de efluentes (ETE) de um aterro industrial na atividade microbiana, avaliada pela mineralização de carbono. Foi desenvolvido experimento em frascos respirométricos, analisando a mineralização de carbono em três solos, com cinco doses de lodo durante 91 dias de incubação. A aplicação de lodo com 2Mg ha-1 causou menores impactos à microbiota do solo, não apresentando diferenças em relação ao tratamento controle. Os valores de carbono mineralizado aumentaram com o tempo de incubação em função da adição do lodo, proporcionalmente ao aumento das doses de lodo. A atividade microbiana aumentou com a aplicação de doses de lodo de ETE de aterro industrial, sendo a mineralização de carbono proporcional às doses adicionadas. Palavras-chave: biodegradação, tratamento de resíduos, mineralização de carbono, lodos de ETE.
520 _a ABSTRACT - The final disposal of industrial solid waste is a major environmental problem. Disposal of organic wastes in soils can be recommended as corrective and fertilizer. The objective of this study was to evaluate the effect of different doses of wastewater treatment plant sludge (WWTP) from an industrial landfill on soils based in microbial activity measured by carbon mineralization. The experiment was developed in respirometric flasks, analyzing carbon mineralization in three soils with five doses of sludge during 91 days of incubation. Application of sewage sludge with 2 Mg ha-1 caused minor impacts on soil microorganisms, without statistical differences to the control treatment. Amounts of mineralized carbon increased with the time course due to the addition of sludge, proportional to the doses of sludge. Microbial activity increased with the application of WWTP sludge doses of industrial landfill, with mineralization proportional to the increase in carbon added doses. Key words: biodegradation, waste treatment, carbon mineralization, WWTP sludge.
650 _aANÁLISE DO SOLO
650 _aRESÍDUO ORGÂNICO
650 _aMEIO AMBIENTE
650 _aMICROBIOLOGIA DO SOLO
650 _aBIODEGRADAÇÃO
773 0 _02408
_9314896
_dSanta Maria-RS Universidade Federal de Santa Maria - Centro de Ciências Rurais 1991
_o2024-1147
_tCiência Rural (Brazil)
_x0103-8478
_gv. 46(2) p. 267-272; (2016)
_wBR2024000968
856 _uhttps://www.scielo.br/j/cr/a/zFG8mx94yZLtLf5w7wYvqfz/?format=pdf&lang=pt
942 _cAnalítica
999 _c299706
_d299706